000 00639nam a22001577a 4500
020 _a0-590-62985-9
082 _a823
_bOSB/D
100 _aOSBORNE, MARY POPE
245 _aMAGIC TREE HOSE
246 _aPIRATES PAST NOON
260 _b0-590-62985-9
300 _a67
520 _aThe book reveals that pirates used to rob Spanish ships hundreds of years ago on the Caribbean Sea. As Jack writes this information in his notebook, a rowboat leaves the pirate ship and heads toward them. The children run toward the tree house, until Jack remembers he left the book on the beach and returns for it.
650 _aSHORT STORY
942 _cBK
999 _c6308
_d6308